00241nam a22000977a 4500020001800000082001600018100003100034245003300065260003600098300000900134 a0-19-577127-3 a958.1 ROB'K aROBERTON, SIR GEORGE SCOTT aTHE KAFIRS OF THE HINDU KUSH aLONDONbLAWRANCE & BULLENc1974 a667P